000 00653nam a22002177a 4500
003 KOHA_MİRAKIL
005 20260511121140.0
008 260507b tu ||||| |||| 00| 0 tur d
020 _a9786256228221
040 _aTR-AnABB
_btur
_cTR-AnABB
041 _atur
082 _a813.42
_bTUR 2024
100 1 _aTürker, Taşansu
245 1 0 _aHariciye konseri /
_cTaşansu Türker
260 _aİstanbul :
_bKronik Kitap,
_c2024
300 _a263 sayfa ;
_c20 cm
500 _aYazar tarafından Prof. Dr. Ruşen Keleş için imzalanmıştır.
650 0 4 _aTürk edebiyatı, roman
900 _bCan ÇELIK
942 _2ddc
_cBK
999 _c10377
_d10377